| 000 | 00939nas a2200301 4500 | ||
|---|---|---|---|
| 001 | BR2011007389 | ||
| 003 | BR-BrBNA | ||
| 005 | 20231205115215.0 | ||
| 007 | ta | ||
| 008 | 230509b bl.|||p| |||| 00| 00por d | ||
| 040 |
_aBR-BrBNA _bpor _cBiblioteca Nacional de Agricultura |
||
| 041 | _a(Pt) | ||
| 072 | _aP06; A01 | ||
| 100 | 1 | _aSouza, A.M. de | |
| 100 | 1 | _aBalbinot Junior, A.A. | |
| 100 | 1 | _aBackes, R.L. | |
| 100 | 1 | _aFonseca, J.A. da | |
| 100 | 1 | _aGallotti, G.J.M. | |
| 100 | 1 | _aHanisch, A.L. | |
| 100 | 1 | _aVogt, G.A. | |
| 245 | 1 | _aMatérias-primas para biodiesel: desafios para o planalto norte catarinense e sudeste paranaense | |
| 650 | _aMATÉRIA PRIMA VEGETAL | ||
| 650 | _aBIOCOMBUSTÍVEL | ||
| 650 | _aAGRICULTURA FAMILIAR | ||
| 773 | 0 |
_tAgropecuária Catarinense (Brazil) _xISSN 0103-0779 _g(Jul 2009), v. 22(2) p. 14-16 _wBR2011007389 |
|
| 909 |
_a202311 _bLúcia _c55 _dLúcia Elande |
||
| 942 |
_2AGRIS _n0 _cANA |
||
| 999 |
_c212609 _d212609 |
||